Growth, mortality and recruitment of commercially important fishes and penaeid shrimps in Indonesian waters

Guardat en:
Dades bibliogràfiques
Autors principals: Dwiponggo, A (Autor), Hariati, T (Autor), Banon, S (Autor), Palomares, M. L (Autor), Pauly, Daniel (Autor)
Format: Llibre
Idioma:anglès
Publicat: Jakarta Research Institute for Marine Fisheries 1986
Matèries:
Etiquetes: Afegir etiqueta
Sense etiquetes, Sigues el primer a etiquetar aquest registre!

MARC

LEADER 00000nam a2200000 a 4500
001 UCT2691
003 CL-VaPUC
008 961011e19860000IO |||||||||||||||||eng|d
082 0 4 |a 639.22  |b DWI  |2 21 
100 0 |a Dwiponggo, A  |e author  |9 371660 
700 0 |a Hariati, T  |e author  |9 371661 
700 0 |a Banon, S  |e author  |9 371662 
700 0 |a Palomares, M. L  |e author  |9 371663 
700 |a Pauly, Daniel  |e author  |9 371664 
245 1 0 |a Growth, mortality and recruitment of commercially important fishes and penaeid shrimps in Indonesian waters 
300 |a 91 p 
942 |c BK 
945 |d 19961011 00:00:00  |a nastorga 
260 |a Jakarta  |b Research Institute for Marine Fisheries  |c 1986 
650 7 |a PESCA DE CAMARON  |2 CL-VaPUC  |9 331886 
650 0 |a Industria pesquera  |9 255432 
650 0 |a Recursos pesqueros  |9 255431 
583 |a last modification  |c 19961011 00:00:00  |k Rodrigo Vera 
999 |c 252674  |d 252672 
952 |0 0  |1 0  |2 ddc  |4 0  |6 639_220000000000000_DWI_1986  |7 0  |8 CCM  |9 272654  |a BIBCUR  |b BIBCUR  |d 2019-11-19  |i 3237362  |o 639.22 DWI 1986  |p 3237362  |r 2025-04-22  |w 2019-11-19  |y BK  |k CIM